[Event "DEM U14 2024"]
[Site "Willingen GER"]
[Date "2024.05.23"]
[Round "7"]
[White "Sasse, Conan"]
[Black "Mukazhanov, Mansur"]
[Result "0-1"]
[Termination "normal"]
[Board "21"]
[WhiteElo "1779"]
[BlackElo "1919"]
[WhiteClock "00:00:39"]
[BlackClock "01:18:09"]
[PlyCount "118"]
[WhiteFideId "34684336"]
[BlackFideId "13752324"]
[EventCountry "GER"]
[EventRounds "9"]
[EventType "swiss"]
[EventDate "2024.05.18"]

1. Nf3 {[%clk 01:30:57]} {[%emt 00:00:03]} Nf6 {[%clk 01:30:51]} {[%emt
00:00:20]} 2. c4 {[%clk 01:31:19]} {[%emt 00:00:17]} e6 {[%clk 01:30:11]}
{[%emt 00:00:59]} 3. g3 {[%clk 01:30:51]} {[%emt 00:00:49]} d5 {[%clk
01:30:35]} {[%emt 00:00:06]} 4. Bg2 {[%clk 01:31:14]} {[%emt 00:00:07]} dxc4
{[%clk 01:31:00]} {[%emt 00:00:05]} 5. Qa4+ {[%clk 01:31:38]} {[%emt 00:00:06]}
Nbd7 {[%clk 01:31:26]} {[%emt 00:00:05]} 6. O-O {[%clk 01:31:29]} {[%emt
00:00:37]} a6 {[%clk 01:31:53]} {[%emt 00:00:04]} 7. Qxc4 {[%clk 01:31:48]}
{[%emt 00:00:09]} b5 {[%clk 01:32:18]} {[%emt 00:00:07]} 8. Qc2 {[%clk
01:31:16]} {[%emt 00:01:02]} Bb7 {[%clk 01:32:41]} {[%emt 00:00:07]} 9. d3
{[%clk 01:29:52]} {[%emt 00:01:54]} Bd6 {[%clk 01:32:53]} {[%emt 00:00:18]} 10.
e4 {[%clk 01:28:19]} {[%emt 00:02:03]} O-O {[%clk 01:32:46]} {[%emt 00:00:35]}
11. Re1 {[%clk 01:28:15]} {[%emt 00:00:35]} e5 {[%clk 01:28:11]} {[%emt
00:05:05]} 12. h3 {[%clk 01:23:24]} {[%emt 00:05:22]} c5 {[%clk 01:28:04]}
{[%emt 00:00:37]} 13. Nh4 {[%clk 01:22:42]} {[%emt 00:01:12]} Re8 {[%clk
01:27:06]} {[%emt 00:01:28]} 14. Be3 {[%clk 01:20:18]} {[%emt 00:02:54]} Rc8
{[%clk 01:27:23]} {[%emt 00:00:13]} 15. Nd2 {[%clk 01:20:04]} {[%emt 00:00:43]}
Nf8 {[%clk 01:27:16]} {[%emt 00:00:37]} 16. Rac1 {[%clk 01:17:23]} {[%emt
00:03:12]} Ne6 {[%clk 01:27:31]} {[%emt 00:00:14]} 17. Nf5 {[%clk 01:15:51]}
{[%emt 00:02:03]} Bf8 {[%clk 01:27:48]} {[%emt 00:00:13]} 18. b3 {[%clk
01:09:43]} {[%emt 00:06:39]} Nd4 {[%clk 01:27:40]} {[%emt 00:00:37]} 19. Qb1
{[%clk 01:08:11]} {[%emt 00:02:02]} Nxf5 {[%clk 01:26:00]} {[%emt 00:02:10]}
20. exf5 {[%clk 01:08:36]} Bxg2 {[%clk 01:26:18]} {[%emt 00:00:16]} 21. Kxg2
{[%clk 01:09:00]} Qd5+ {[%clk 01:26:03]} {[%emt 00:00:52]} 22. Nf3 {[%clk
01:06:17]} e4 {[%clk 01:18:05]} {[%emt 00:11:41]} 23. dxe4 {[%clk 01:02:53]}
{[%emt 00:03:53]} Nxe4 {[%clk 01:18:26]} {[%emt 00:00:09]} 24. g4 {[%clk
00:58:32]} {[%emt 00:04:52]} c4 {[%clk 01:18:06]} {[%emt 00:00:49]} 25. Red1
{[%clk 00:50:42]} {[%emt 00:08:20]} Qa8 {[%clk 01:17:51]} {[%emt 00:00:45]} 26.
bxc4 {[%clk 00:32:00]} {[%emt 00:19:13]} bxc4 {[%clk 01:18:14]} {[%emt
00:00:06]} 27. Qb6 {[%clk 00:27:23]} {[%emt 00:05:06]} c3 {[%clk 01:15:16]}
{[%emt 00:03:30]} 28. Rc2 {[%clk 00:26:16]} {[%emt 00:01:37]} Rb8 {[%clk
01:14:14]} {[%emt 00:01:31]} 29. Qa7 {[%clk 00:23:01]} {[%emt 00:03:45]} Qc6
{[%clk 01:08:54]} {[%emt 00:05:50]} 30. Qd4 {[%clk 00:12:31]} {[%emt 00:11:00]}
h6 {[%clk 01:03:31]} {[%emt 00:05:53]} 31. Rdc1 {[%clk 00:10:25]} {[%emt
00:02:37]} Ba3 {[%clk 01:03:34]} {[%emt 00:00:27]} 32. Rxc3 {[%clk 00:10:48]}
{[%emt 00:00:07]} Nxc3 {[%clk 01:02:50]} {[%emt 00:01:13]} 33. Rxc3 {[%clk
00:11:09]} {[%emt 00:00:09]} Qd6 {[%clk 01:01:22]} {[%emt 00:01:58]} 34. Qxd6
{[%clk 00:10:00]} {[%emt 00:01:39]} Bxd6 {[%clk 01:01:36]} {[%emt 00:00:17]}
35. Rc6 {[%clk 00:10:22]} {[%emt 00:00:07]} Be7 {[%clk 00:52:57]} {[%emt
00:09:09]} 36. Rxa6 {[%clk 00:10:20]} {[%emt 00:00:33]} Ra8 {[%clk 00:53:21]}
{[%emt 00:00:06]} 37. Rb6 {[%clk 00:09:20]} {[%emt 00:01:31]} Rxa2 {[%clk
00:53:43]} {[%emt 00:00:07]} 38. Kg3 {[%clk 00:09:32]} {[%emt 00:00:17]} Bd8
{[%clk 00:53:59]} {[%emt 00:00:14]} 39. Rc6 {[%clk 00:08:44]} {[%emt 00:01:13]}
Bf6 {[%clk 00:53:42]} {[%emt 00:00:52]} 40. Rc4 {[%clk 00:08:32]} {[%emt
00:00:42]} Ra3 {[%clk 00:53:18]} {[%emt 00:00:55]} 41. Bc5 {[%clk 00:07:46]}
{[%emt 00:01:15]} Rb3 {[%clk 00:50:40]} {[%emt 00:03:08]} 42. Be3 {[%clk
00:07:54]} {[%emt 00:00:21]} Be7 {[%clk 00:50:50]} {[%emt 00:00:21]} 43. Bf4
{[%clk 00:07:09]} {[%emt 00:01:15]} Rd8 {[%clk 00:50:44]} {[%emt 00:00:34]} 44.
Re4 {[%clk 00:07:02]} {[%emt 00:00:38]} Bc5 {[%clk 00:50:34]} {[%emt 00:00:40]}
45. Be3 {[%clk 00:06:50]} {[%emt 00:00:43]} Bd6+ {[%clk 00:49:33]} {[%emt
00:01:31]} 46. Bf4 {[%clk 00:07:11]} {[%emt 00:00:08]} Bc5 {[%clk 00:47:40]}
{[%emt 00:02:24]} 47. Be3 {[%clk 00:07:31]} {[%emt 00:00:10]} Rdd3 {[%clk
00:47:59]} {[%emt 00:00:10]} 48. Ne5 {[%clk 00:03:04]} {[%emt 00:04:57]} Bxe3
{[%clk 00:48:05]} {[%emt 00:00:26]} 49. Nxd3 {[%clk 00:01:09]} {[%emt
00:02:25]} Bb6 {[%clk 00:48:22]} {[%emt 00:00:12]} 50. Re8+ {[%clk 00:00:36]}
{[%emt 00:01:03]} Kh7 {[%clk 00:48:35]} {[%emt 00:00:17]} 51. Re2 {[%clk
00:00:32]} {[%emt 00:00:34]} Rxd3+ {[%clk 00:48:56]} {[%emt 00:00:08]} 52. f3
{[%clk 00:00:58]} {[%emt 00:00:05]} Bc7+ {[%clk 00:49:08]} {[%emt 00:00:18]}
53. Kg2 {[%clk 00:01:23]} {[%emt 00:00:05]} Bf4 {[%clk 00:49:23]} {[%emt
00:00:15]} 54. Rc2 {[%clk 00:00:56]} {[%emt 00:00:57]} f6 {[%clk 00:48:53]}
{[%emt 00:01:01]} 55. Ra2 {[%clk 00:00:47]} {[%emt 00:00:39]} Rd2+ {[%clk
00:49:02]} {[%emt 00:00:21]} 56. Rxd2 {[%clk 00:01:05]} {[%emt 00:00:11]} Bxd2
{[%clk 00:49:26]} {[%emt 00:00:06]} 57. Kg3 {[%clk 00:30:09]} {[%emt 00:01:26]}
Kg8 {[%clk 01:17:58]} {[%emt 00:01:59]} 58. f4 {[%clk 00:00:39]} {[%emt
00:30:00]} Be1+ {[%clk 01:18:14]} {[%emt 00:00:13]} 59. Kf3 {[%emt 00:00:13]}
Bd2 {[%clk 01:18:09]} {[%emt 00:00:28]} 0-1

[Event "DEM U14 2024"]
[Site "Willingen GER"]
[Date "2024.05.23"]
[Round "7"]
[White "Thümler, Floris"]
[Black "Bangert, Jonas"]
[Result "1/2-1/2"]
[Termination "normal"]
[Board "22"]
[WhiteElo "1938"]
[BlackElo "1772"]
[WhiteClock "00:34:22"]
[BlackClock "00:23:42"]
[PlyCount "88"]
[WhiteFideId "16296435"]
[BlackFideId "16289650"]
[EventCountry "GER"]
[EventRounds "9"]
[EventType "swiss"]
[EventDate "2024.05.18"]

1. e4 {[%clk 01:30:59]} {[%emt 00:00:09]} c5 {[%clk 01:30:56]} {[%emt
00:00:12]} 2. Nf3 {[%clk 01:31:23]} {[%emt 00:00:06]} Nc6 {[%clk 01:31:23]}
{[%emt 00:00:02]} 3. d4 {[%clk 01:31:45]} {[%emt 00:00:05]} cxd4 {[%clk
01:31:49]} {[%emt 00:00:06]} 4. Nxd4 {[%clk 01:32:07]} {[%emt 00:00:08]} Nf6
{[%clk 01:32:14]} {[%emt 00:00:04]} 5. Nc3 {[%clk 01:32:28]} {[%emt 00:00:09]}
g6 {[%clk 01:32:38]} {[%emt 00:00:07]} 6. Nxc6 {[%clk 01:29:58]} {[%emt
00:02:43]} bxc6 {[%clk 01:30:38]} {[%emt 00:02:30]} 7. e5 {[%clk 01:29:47]}
{[%emt 00:00:40]} Ng8 {[%clk 01:30:59]} {[%emt 00:00:09]} 8. f4 {[%clk
01:29:21]} {[%emt 00:00:55]} Bg7 {[%clk 01:31:03]} {[%emt 00:00:27]} 9. Ne4
{[%clk 01:27:37]} {[%emt 00:02:13]} f6 {[%clk 01:26:49]} {[%emt 00:04:45]} 10.
exf6 {[%clk 01:17:01]} {[%emt 00:11:05]} Nxf6 {[%clk 01:27:13]} {[%emt
00:00:08]} 11. Nxf6+ {[%clk 01:17:18]} {[%emt 00:00:11]} Bxf6 {[%clk 01:27:33]}
{[%emt 00:00:11]} 12. c3 {[%clk 01:15:27]} {[%emt 00:02:21]} O-O {[%clk
01:22:57]} {[%emt 00:05:06]} 13. Bd3 {[%clk 01:10:25]} {[%emt 00:05:31]} d5
{[%clk 01:08:33]} {[%emt 00:14:55]} 14. O-O {[%clk 01:09:46]} {[%emt 00:01:09]}
Qd6 {[%clk 00:57:35]} {[%emt 00:11:28]} 15. Qe2 {[%clk 01:01:52]} {[%emt
00:08:23]} Bd7 {[%clk 00:50:30]} {[%emt 00:07:36]} 16. Be3 {[%clk 01:01:19]}
{[%emt 00:01:02]} Bg7 {[%clk 00:47:27]} {[%emt 00:03:34]} 17. Rad1 {[%clk
01:00:22]} {[%emt 00:01:25]} a5 {[%clk 00:45:30]} {[%emt 00:02:29]} 18. Bb1
{[%clk 00:54:41]} {[%emt 00:06:08]} Rae8 {[%clk 00:29:06]} {[%emt 00:16:56]}
19. Qd2 {[%clk 00:51:16]} {[%emt 00:03:54]} Bg4 {[%clk 00:26:29]} {[%emt
00:03:09]} 20. Rde1 {[%clk 00:50:19]} {[%emt 00:01:27]} c5 {[%clk 00:20:06]}
{[%emt 00:06:53]} 21. h3 {[%clk 00:46:57]} {[%emt 00:03:48]} Bf5 {[%clk
00:15:09]} {[%emt 00:05:31]} 22. Bxf5 {[%clk 00:45:54]} {[%emt 00:01:32]} Rxf5
{[%clk 00:15:33]} {[%emt 00:00:06]} 23. Rd1 {[%clk 00:45:02]} {[%emt 00:01:22]}
d4 {[%clk 00:13:03]} {[%emt 00:03:00]} 24. cxd4 {[%clk 00:39:55]} {[%emt
00:05:38]} cxd4 {[%clk 00:13:31]} {[%emt 00:00:02]} 25. Qc2 {[%clk 00:36:16]}
{[%emt 00:04:07]} Rd5 {[%clk 00:11:14]} {[%emt 00:02:48]} 26. Qd3 {[%clk
00:34:06]} {[%emt 00:02:37]} Rc8 {[%clk 00:04:29]} {[%emt 00:07:18]} 27. g3
{[%clk 00:29:53]} {[%emt 00:04:42]} Kh8 {[%clk 00:02:25]} {[%emt 00:02:36]} 28.
Bf2 {[%clk 00:29:23]} {[%emt 00:01:00]} Rdc5 {[%clk 00:02:02]} {[%emt
00:00:53]} 29. Bxd4 {[%clk 00:24:13]} {[%emt 00:05:39]} Qxd4+ {[%clk 00:02:28]}
{[%emt 00:00:05]} 30. Qxd4 {[%clk 00:24:23]} {[%emt 00:00:19]} Bxd4+ {[%clk
00:02:57]} {[%emt 00:00:02]} 31. Rxd4 {[%clk 00:24:15]} {[%emt 00:00:38]} Rc2
{[%clk 00:03:24]} {[%emt 00:00:04]} 32. Rf2 {[%clk 00:23:40]} {[%emt 00:01:04]}
Rxf2 {[%clk 00:02:28]} {[%emt 00:01:27]} 33. Kxf2 {[%clk 00:24:06]} {[%emt
00:00:02]} Rc2+ {[%clk 00:02:51]} {[%emt 00:00:09]} 34. Ke3 {[%clk 00:21:46]}
{[%emt 00:02:49]} Rxb2 {[%clk 00:03:18]} {[%emt 00:00:04]} 35. Ra4 {[%clk
00:21:14]} {[%emt 00:01:02]} Rb5 {[%clk 00:03:37]} {[%emt 00:00:11]} 36. Kd3
{[%clk 00:17:37]} {[%emt 00:04:06]} Kg7 {[%clk 00:00:53]} {[%emt 00:03:15]} 37.
g4 {[%clk 00:17:00]} {[%emt 00:01:07]} e6 {[%clk 00:01:21]} {[%emt 00:00:02]}
38. g5 {[%clk 00:16:12]} {[%emt 00:01:17]} h6 {[%clk 00:00:44]} {[%emt
00:01:08]} 39. h4 {[%clk 00:16:17]} {[%emt 00:00:24]} hxg5 {[%emt 00:00:06]}
40. hxg5 {[%clk 00:16:31]} {[%emt 00:00:15]} Rd5+ {[%clk 00:00:42]} {[%emt
00:00:58]} 41. Ke3 {[%clk 00:15:10]} {[%emt 00:01:50]} Rb5 {[%clk 00:26:59]}
{[%emt 00:04:11]} 42. Rc4 {[%clk 00:38:54]} {[%emt 00:06:47]} e5 {[%clk
00:23:42]} {[%emt 00:03:48]} 43. Re4 {[%clk 00:34:22]} {[%emt 00:05:01]} exf4+
{[%emt 00:02:10]} 44. Kxf4 {[%emt 00:00:02]} Rb2 {[%emt 00:00:06]} 1/2-1/2

[Event "DEM U14 2024"]
[Site "Willingen GER"]
[Date "2024.05.23"]
[Round "7"]
[White "Kaplan, Arne"]
[Black "Henn, Jakob"]
[Result "0-1"]
[Termination "normal"]
[Board "23"]
[WhiteElo "1756"]
[BlackElo "1760"]
[WhiteClock "00:04:22"]
[BlackClock "00:05:32"]
[PlyCount "64"]
[WhiteFideId "34625194"]
[BlackFideId "34675060"]
[EventCountry "GER"]
[EventRounds "9"]
[EventType "swiss"]
[EventDate "2024.05.18"]

1. e4 {[%clk 01:30:57]} {[%emt 00:00:09]} e6 {[%clk 01:30:48]} {[%emt
00:00:22]} 2. d4 {[%clk 01:31:16]} {[%emt 00:00:10]} d5 {[%clk 01:31:12]}
{[%emt 00:00:03]} 3. Nc3 {[%clk 01:31:36]} {[%emt 00:00:13]} Nf6 {[%clk
01:31:36]} {[%emt 00:00:05]} 4. Bg5 {[%clk 01:31:59]} {[%emt 00:00:06]} dxe4
{[%clk 01:32:00]} {[%emt 00:00:08]} 5. Nxe4 {[%clk 01:32:20]} {[%emt 00:00:04]}
Be7 {[%clk 01:32:24]} {[%emt 00:00:04]} 6. Bxf6 {[%clk 01:31:31]} {[%emt
00:01:08]} gxf6 {[%clk 01:32:08]} {[%emt 00:00:46]} 7. Nf3 {[%clk 01:29:08]}
{[%emt 00:02:53]} f5 {[%clk 01:32:23]} {[%emt 00:00:14]} 8. Ng3 {[%clk
01:22:55]} {[%emt 00:06:43]} a6 {[%clk 01:27:52]} {[%emt 00:05:01]} 9. Bd3
{[%clk 01:12:06]} {[%emt 00:11:19]} b5 {[%clk 01:24:17]} {[%emt 00:04:05]} 10.
a4 {[%clk 01:02:51]} {[%emt 00:09:46]} b4 {[%clk 01:17:40]} {[%emt 00:07:07]}
11. Ne5 {[%clk 00:57:42]} {[%emt 00:05:39]} O-O {[%clk 01:05:11]} {[%emt
00:12:59]} 12. Ne2 {[%clk 00:51:39]} {[%emt 00:06:33]} c5 {[%clk 00:58:02]}
{[%emt 00:07:39]} 13. g4 {[%clk 00:48:01]} {[%emt 00:04:08]} f6 {[%clk
00:55:24]} {[%emt 00:03:09]} 14. Nc4 {[%clk 00:43:52]} {[%emt 00:04:38]} fxg4
{[%clk 00:46:22]} {[%emt 00:09:31]} 15. h3 {[%clk 00:40:13]} {[%emt 00:04:09]}
Bb7 {[%clk 00:37:32]} {[%emt 00:09:21]} 16. Rg1 {[%clk 00:37:57]} {[%emt
00:02:45]} Bf3 {[%clk 00:35:52]} {[%emt 00:02:10]} 17. hxg4 {[%clk 00:35:09]}
{[%emt 00:03:18]} Rf7 {[%clk 00:27:06]} {[%emt 00:09:16]} 18. dxc5 {[%clk
00:25:07]} {[%emt 00:10:32]} Nc6 {[%clk 00:24:07]} {[%emt 00:03:29]} 19. Nd6
{[%clk 00:20:13]} {[%emt 00:05:24]} Bxd6 {[%clk 00:22:35]} {[%emt 00:02:03]}
20. cxd6 {[%clk 00:20:32]} {[%emt 00:00:10]} Ne5 {[%clk 00:21:47]} {[%emt
00:01:19]} 21. Qd2 {[%clk 00:19:15]} {[%emt 00:01:48]} Qb6 {[%clk 00:17:52]}
{[%emt 00:04:24]} 22. Nd4 {[%clk 00:16:30]} {[%emt 00:03:14]} Qxd6 {[%clk
00:13:27]} {[%emt 00:04:56]} 23. g5 {[%clk 00:15:10]} {[%emt 00:01:49]} f5
{[%clk 00:12:03]} {[%emt 00:01:55]} 24. g6 {[%clk 00:12:33]} {[%emt 00:03:07]}
hxg6 {[%clk 00:10:02]} {[%emt 00:02:31]} 25. Rxg6+ {[%clk 00:11:51]} {[%emt
00:01:12]} Nxg6 {[%clk 00:08:46]} {[%emt 00:01:45]} 26. Nxf3 {[%clk 00:12:14]}
{[%emt 00:00:07]} Qf4 {[%clk 00:07:41]} {[%emt 00:01:35]} 27. Qxf4 {[%clk
00:09:44]} {[%emt 00:03:01]} Nxf4 {[%clk 00:08:06]} {[%emt 00:00:05]} 28. Bc4
{[%clk 00:10:00]} {[%emt 00:00:14]} Rd7 {[%clk 00:06:11]} {[%emt 00:02:24]} 29.
Ng5 {[%clk 00:08:12]} {[%emt 00:02:17]} Rd6 {[%clk 00:05:59]} {[%emt 00:00:42]}
30. Rd1 {[%clk 00:05:51]} {[%emt 00:02:51]} Rad8 {[%clk 00:05:36]} {[%emt
00:00:54]} 31. Rxd6 {[%clk 00:04:04]} {[%emt 00:02:17]} Rxd6 {[%clk 00:06:01]}
{[%emt 00:00:05]} 32. f3 {[%clk 00:04:22]} {[%emt 00:00:12]} Kg7 {[%clk
00:05:32]} {[%emt 00:00:58]} 0-1

[Event "DEM U14 2024"]
[Site "Willingen GER"]
[Date "2024.05.23"]
[Round "7"]
[White "Schöne, Finn"]
[Black "Keßler, Leo"]
[Result "1-0"]
[Termination "normal"]
[Board "24"]
[WhiteElo "1815"]
[BlackElo "1640"]
[WhiteClock "00:28:38"]
[BlackClock "00:09:18"]
[PlyCount "107"]
[WhiteFideId "34623493"]
[BlackFideId "533000638"]
[EventCountry "GER"]
[EventRounds "9"]
[EventType "swiss"]
[EventDate "2024.05.18"]

1. d4 {[%clk 01:30:58]} {[%emt 00:00:05]} Nf6 {[%clk 01:30:53]} {[%emt
00:00:11]} 2. Nc3 {[%clk 01:31:22]} {[%emt 00:00:07]} d5 {[%clk 01:31:18]}
{[%emt 00:00:03]} 3. Bf4 {[%clk 01:31:48]} {[%emt 00:00:02]} g6 {[%clk
01:31:17]} {[%emt 00:00:33]} 4. e3 {[%clk 01:32:08]} {[%emt 00:00:04]} Bg7
{[%clk 01:31:37]} {[%emt 00:00:08]} 5. Nf3 {[%clk 01:32:10]} {[%emt 00:00:17]}
Bg4 {[%clk 01:31:58]} {[%emt 00:00:08]} 6. Be2 {[%emt 00:00:42]} Bxf3 {[%clk
01:32:14]} {[%emt 00:00:12]} 7. Bxf3 {[%clk 01:32:22]} {[%emt 00:00:08]} c6
{[%clk 01:32:37]} {[%emt 00:00:08]} 8. O-O {[%clk 01:31:44]} {[%emt 00:01:09]}
O-O {[%clk 01:33:02]} {[%emt 00:00:05]} 9. Be2 {[%clk 01:30:54]} {[%emt
00:01:19]} Nbd7 {[%clk 01:32:25]} {[%emt 00:01:07]} 10. Na4 {[%clk 01:29:38]}
{[%emt 00:01:46]} Qa5 {[%clk 01:23:07]} {[%emt 00:09:49]} 11. c4 {[%clk
01:27:48]} {[%emt 00:02:19]} dxc4 {[%clk 01:21:24]} {[%emt 00:02:13]} 12. Nc3
{[%clk 01:25:00]} {[%emt 00:03:17]} Nd5 {[%clk 01:06:12]} {[%emt 00:15:42]} 13.
Bxc4 {[%clk 01:19:17]} {[%emt 00:06:13]} Nxf4 {[%clk 01:05:31]} {[%emt
00:01:12]} 14. exf4 {[%clk 01:19:39]} {[%emt 00:00:08]} Nb6 {[%clk 01:05:55]}
{[%emt 00:00:06]} 15. Bb3 {[%clk 01:18:20]} {[%emt 00:01:48]} Rad8 {[%clk
01:05:31]} {[%emt 00:00:55]} 16. Qe1 {[%clk 01:12:42]} {[%emt 00:06:08]} e6
{[%clk 01:04:07]} {[%emt 00:01:54]} 17. Ne4 {[%clk 01:09:09]} {[%emt 00:04:02]}
Qxe1 {[%clk 01:03:23]} {[%emt 00:01:15]} 18. Rfxe1 {[%clk 01:09:35]} {[%emt
00:00:04]} Rxd4 {[%clk 00:59:47]} {[%emt 00:04:05]} 19. Nc5 {[%clk 01:08:52]}
{[%emt 00:01:12]} Rxf4 {[%clk 00:53:32]} {[%emt 00:06:46]} 20. Nxb7 {[%clk
01:08:52]} {[%emt 00:00:29]} Bd4 {[%clk 00:53:51]} {[%emt 00:00:13]} 21. Re2
{[%clk 01:08:36]} {[%emt 00:00:46]} Rb8 {[%clk 00:47:38]} {[%emt 00:06:42]} 22.
Na5 {[%clk 01:07:20]} {[%emt 00:01:46]} Rc8 {[%clk 00:47:13]} {[%emt 00:00:56]}
23. Rc1 {[%clk 01:02:19]} {[%emt 00:05:31]} c5 {[%clk 00:46:37]} {[%emt
00:01:06]} 24. g3 {[%clk 01:01:49]} {[%emt 00:01:00]} Rf5 {[%clk 00:44:40]}
{[%emt 00:02:26]} 25. Rcc2 {[%clk 01:00:01]} {[%emt 00:02:18]} Re5 {[%clk
00:39:07]} {[%emt 00:06:04]} 26. Red2 {[%clk 00:59:04]} {[%emt 00:01:26]} Re4
{[%clk 00:32:52]} {[%emt 00:06:45]} 27. Kg2 {[%clk 00:52:32]} {[%emt 00:07:03]}
Bg7 {[%clk 00:30:03]} {[%emt 00:03:19]} 28. Nb7 {[%clk 00:47:00]} {[%emt
00:06:01]} c4 {[%clk 00:25:31]} {[%emt 00:05:03]} 29. Nd6 {[%clk 00:47:24]}
{[%emt 00:00:05]} c3 {[%clk 00:14:38]} {[%emt 00:11:24]} 30. bxc3 {[%clk
00:45:00]} {[%emt 00:02:53]} Bxc3 {[%clk 00:08:51]} {[%emt 00:06:18]} 31. Nxe4
{[%clk 00:44:52]} {[%emt 00:00:37]} Bxd2 {[%clk 00:09:14]} {[%emt 00:00:08]}
32. Rxc8+ {[%clk 00:45:18]} {[%emt 00:00:04]} Nxc8 {[%clk 00:09:28]} {[%emt
00:00:16]} 33. Nxd2 {[%clk 00:45:46]} Kg7 {[%clk 00:09:29]} {[%emt 00:00:30]}
34. Ne4 {[%clk 00:45:11]} {[%emt 00:01:03]} Nb6 {[%clk 00:09:49]} {[%emt
00:00:12]} 35. Kf3 {[%clk 00:44:54]} {[%emt 00:00:46]} h6 {[%clk 00:10:03]}
{[%emt 00:00:16]} 36. Ke3 {[%clk 00:43:08]} {[%emt 00:02:16]} g5 {[%clk
00:10:18]} {[%emt 00:00:15]} 37. h3 {[%clk 00:43:02]} {[%emt 00:00:36]} e5
{[%clk 00:10:17]} {[%emt 00:00:31]} 38. Nc3 {[%clk 00:42:47]} {[%emt 00:00:45]}
f5 {[%clk 00:10:24]} {[%emt 00:00:24]} 39. Kd3 {[%clk 00:40:23]} {[%emt
00:02:54]} h5 {[%clk 00:10:02]} {[%emt 00:00:52]} 40. a3 {[%clk 00:36:07]}
{[%emt 00:04:46]} Kg6 {[%clk 00:08:10]} {[%emt 00:02:22]} 41. Nb5 {[%clk
00:35:47]} {[%emt 00:00:49]} a6 {[%clk 00:07:50]} {[%emt 00:00:51]} 42. Nc7
{[%clk 00:33:02]} {[%emt 00:03:15]} a5 {[%clk 00:08:03]} {[%emt 00:00:17]} 43.
Nd5 {[%clk 00:33:23]} {[%emt 00:00:08]} Nd7 {[%clk 00:08:20]} {[%emt 00:00:14]}
44. f3 {[%clk 00:27:57]} {[%emt 00:05:56]} e4+ {[%clk 00:07:58]} {[%emt
00:00:51]} 45. fxe4 {[%clk 00:26:57]} {[%emt 00:01:30]} fxe4+ {[%clk 00:08:24]}
{[%emt 00:00:05]} 46. Kd4 {[%clk 00:27:17]} {[%emt 00:00:04]} Kf5 {[%clk
00:08:18]} {[%emt 00:00:42]} 47. Bc2 {[%clk 00:27:35]} {[%emt 00:00:12]} g4
{[%clk 00:08:12]} {[%emt 00:00:36]} 48. Bxe4+ {[%clk 00:27:27]} {[%emt
00:00:37]} Kg5 {[%clk 00:08:15]} {[%emt 00:00:27]} 49. h4+ {[%clk 00:27:57]}
Kh6 {[%clk 00:08:38]} {[%emt 00:00:08]} 50. Nf4 {[%clk 00:27:36]} {[%emt
00:00:50]} a4 {[%clk 00:08:33]} {[%emt 00:00:37]} 51. Bg6 {[%emt 00:00:38]} Nf6
{[%clk 00:08:38]} {[%emt 00:00:22]} 52. Bxh5 {[%clk 00:27:44]} {[%emt
00:00:16]} Nxh5 {[%clk 00:08:55]} {[%emt 00:00:13]} 53. Nxh5 {[%clk 00:28:10]}
{[%emt 00:00:04]} Kxh5 {[%clk 00:09:18]} {[%emt 00:00:07]} 54. Kc4 {[%clk
00:28:38]} {[%emt 00:00:02]} 1-0

[Event "DEM U14 2024"]
[Site "Willingen GER"]
[Date "2024.05.23"]
[Round "7"]
[White "Ollhoff, Hannes"]
[Black "Jablonski, Ture"]
[Result "1-0"]
[Termination "normal"]
[Board "25"]
[WhiteElo "1755"]
[BlackElo "1583"]
[WhiteClock "00:36:07"]
[BlackClock "00:02:20"]
[PlyCount "51"]
[WhiteFideId "16266927"]
[BlackFideId "34640452"]
[EventCountry "GER"]
[EventRounds "9"]
[EventType "swiss"]
[EventDate "2024.05.18"]

1. d4 {[%clk 01:30:57]} {[%emt 00:00:05]} d5 {[%clk 01:30:59]} {[%emt
00:00:08]} 2. c4 {[%clk 01:31:20]} {[%emt 00:00:10]} c6 {[%clk 01:31:27]}
{[%emt 00:00:04]} 3. cxd5 {[%clk 01:31:43]} {[%emt 00:00:11]} cxd5 {[%clk
01:31:56]} 4. Nc3 {[%clk 01:32:05]} {[%emt 00:00:05]} Nf6 {[%clk 01:32:18]}
{[%emt 00:00:07]} 5. Bf4 {[%clk 01:32:21]} {[%emt 00:00:13]} Nc6 {[%clk
01:32:47]} 6. Nf3 {[%clk 01:32:40]} {[%emt 00:00:13]} Bf5 {[%clk 01:28:18]}
{[%emt 00:04:41]} 7. e3 {[%clk 01:33:03]} {[%emt 00:00:07]} e6 {[%clk
01:26:12]} {[%emt 00:02:36]} 8. Bb5 {[%clk 01:33:03]} {[%emt 00:00:31]} Bd6
{[%clk 01:25:05]} {[%emt 00:01:36]} 9. Bxc6+ {[%clk 01:32:08]} {[%emt
00:01:26]} bxc6 {[%clk 01:25:31]} {[%emt 00:00:04]} 10. Bxd6 {[%clk 01:32:30]}
{[%emt 00:00:08]} Qxd6 {[%clk 01:25:49]} {[%emt 00:00:10]} 11. Rc1 {[%clk
01:31:28]} {[%emt 00:01:34]} O-O {[%clk 01:25:13]} {[%emt 00:01:05]} 12. O-O
{[%clk 01:31:30]} {[%emt 00:00:28]} h6 {[%clk 01:13:52]} {[%emt 00:11:52]} 13.
Na4 {[%clk 01:29:49]} {[%emt 00:02:11]} Rfc8 {[%clk 01:11:10]} {[%emt
00:03:09]} 14. Ne5 {[%clk 01:15:17]} {[%emt 00:15:05]} Rab8 {[%clk 01:04:58]}
{[%emt 00:06:39]} 15. b3 {[%clk 01:08:09]} {[%emt 00:07:41]} a5 {[%clk
00:16:27]} {[%emt 00:49:01]} 16. Rc5 {[%clk 00:55:46]} {[%emt 00:12:52]} Rb5
{[%clk 00:15:44]} {[%emt 00:01:13]} 17. Qc1 {[%clk 00:53:28]} {[%emt 00:02:48]}
Rxc5 {[%clk 00:15:23]} {[%emt 00:00:51]} 18. Qxc5 {[%clk 00:52:31]} {[%emt
00:01:27]} Qxc5 {[%clk 00:13:00]} {[%emt 00:02:54]} 19. Nxc5 {[%clk 00:52:54]}
{[%emt 00:00:06]} Ne4 {[%clk 00:13:20]} {[%emt 00:00:10]} 20. Nxe4 {[%clk
00:50:37]} {[%emt 00:02:47]} Bxe4 {[%clk 00:13:21]} {[%emt 00:00:29]} 21. Rc1
{[%clk 00:50:59]} {[%emt 00:00:07]} Kf8 {[%clk 00:11:33]} {[%emt 00:02:19]} 22.
f3 {[%clk 00:41:49]} {[%emt 00:09:41]} f6 {[%clk 00:08:00]} {[%emt 00:04:03]}
23. Nxc6 {[%clk 00:38:49]} {[%emt 00:03:29]} Bd3 {[%clk 00:06:12]} {[%emt
00:02:17]} 24. Rc5 {[%clk 00:37:54]} {[%emt 00:01:26]} Bb1 {[%clk 00:03:27]}
{[%emt 00:03:15]} 25. a3 {[%clk 00:37:42]} {[%emt 00:00:42]} Ba2 {[%clk
00:02:20]} {[%emt 00:01:37]} 26. Nxa5 {[%clk 00:36:07]} {[%emt 00:02:05]} 1-0